000 00479nam a22001577a 4500
020 _a9781259098581
050 _aTK5102.9
_b.M57 2011
100 _aMitra, K. Sanjit
245 _aDigital signal processing/
_ba computer -based approach
_cSanjit Mitra
250 _a4th ed.
260 _aNew Delhi; Newyork:
_bMcGraw- Hill,
_c2011.
300 _axiv, 940p.:
500 _aIncludes Index
650 _v1.Signal processing-Digital techniques-Data processing.2. MATLAB.
942 _cGEN
999 _c572
_d572